| 000 | 00992cam a22003015a 4500 | ||
|---|---|---|---|
| 008 | 090527s2003 njua|||fr|||| 001 0 eng d | ||
| 010 | _a 2002070052 | ||
| 020 | _a0130646326 | ||
| 020 | _a9780130646323 | ||
| 035 | _a(OCoLC)ocm49679897 | ||
| 040 |
_beng _dEG-ScBUE |
||
| 082 | 0 | 4 |
_a624.1834 _bMIN _222 |
| 100 | 1 |
_aMindess, Sidney. _95380 |
|
| 245 | 1 | 0 |
_aConcrete / _cSidney Mindess, J. Francis Young, David Darwin. |
| 250 | _a2nd ed. | ||
| 260 |
_aUpper Saddle River : _bPrentice Hall, _cc.2003. |
||
| 300 |
_axi, 644 p. : _bill. ; _c24 cm. |
||
| 500 | _aIndex : p. 629-644. | ||
| 504 | _aIncludes bibliographical references. | ||
| 590 | _adoaa mohamed | ||
| 650 | 0 |
_aConcrete. _95381 _2BUEsh |
|
| 651 | _2BUEsh | ||
| 653 |
_bENGGEN _cAugust2015 |
||
| 655 |
_aConstruction Engineering Materials (1)- Year 1 _vreading book _xEngineering _ySemester 2. 2008/2009 |
||
| 700 | 1 |
_aYoung, J. Francis. _95382 |
|
| 700 | 1 |
_aDarwin, David. _95383 |
|
| 942 |
_cBB _k624.1834MIN _2ddc |
||
| 999 |
_c4830 _d4830 |
||